00960cam a2200301 a 45000010005000000030006000050050017000110080041000280100017000690200030000860200031001160200018001470400023001650500016001880820009002041000033002132450064002462600049003103000048003594900037004075050007004445200088004515210018005395210018005576500025005756500020006007000038006204626FISKH20240918113952.0080521s2009 nyua b 000 1 eng  a 2008929406 a9780060574154 (pbk. bdg.) a9780061689741 (trade bdg.) a9780060574154 aDLCcDLCdDLCbeng aPZ7.B44826  a428 1 aBerenstain, Jan,d1923-2012.14aThe Berenstain Bears' sleepover /cJan and Mike Berenstain. aNew York :bHarperCollins Publishers,c2009. a32 pages : bcolor illustrations ; c23 cm 0 aI can read ! Beginning reading 1 aG  aSister and Brother Bear host a sleepover with their best friends, Lizzie and Barry. a370 bLexile  aG bRaz-Plus  1aSleepoversvFiction. 1aBearsvFiction.1 aBerenstain, Mike,d1951-eAuthor